[Event "Igualada op 11th"]
[Site "Igualada"]
[Date "2016.02.20"]
[Round "6"]
[White "Febrero Perez, Lluis"]
[Black "Molina Taberner, Jordi"]
[Result "1/2-1/2"]
[WhiteElo "1545"]
[BlackElo "1415"]
[PlyCount "110"]
[EventDate "2016.01.16"]
[EventType "swiss"]
[EventRounds "8"]
[EventCountry "ESP"]
[SourceTitle "EXT 2017"]
[Source "ChessBase"]
[SourceDate "2016.10.25"]
[SourceVersion "1"]
[SourceVersionDate "2016.10.25"]
[SourceQuality "1"]

1. e4 g6 2. f4 Bg7 3. Nf3 d6 4. c3 Bg4 5. h3 Bxf3 6. Qxf3 Nf6 7. d4 c5 8. e5 dxe5 9. Qxb7 Nbd7 10. dxe5 Nh5 11. Bb5 Rb8 12. Bxd7+ Kf8 13. Qd5 Rc8 14. Kf2 c4 15. Be3 Rb8 16. Nd2 e6 17. Bc5+ Kg8 18. Bxe6 Qxd5 19. Bxd5 Rxb2 20. Rhb1 Rxd2+ 21. Ke1 Rxd5 22. Rb8+ Bf8 23. Bxf8 h6 24. Bxh6+ Kh7 25. Rxh8+ Kxh8 26. Rd1 Ra5 27. Rd2 Rb5 28. Kf2 Kh7 29. Bg5 Rb1 30. Kf3 Rc1 31. Ke3 Rxc3+ 32. Kd4 Rc1 33. g4 Ng7 34. Rf2 Ne6+ 35. Ke3 Nxg5 36. fxg5 Kg7 37. Kd2 Rh1 38. Rf3 Rh2+ 39. Kc3 Rxa2 40. Kxc4 Ra4+ 41. Kb3 Re4 42. e6 Rxe6 43. Kc4 Re4+ 44. Kd5 Re8 45. Ra3 Rd8+ 46. Ke5 Rd7 47. h4 Kh7 48. h5 gxh5 49. gxh5 Rb7 50. Ra6 Kg7 51. h6+ Kh7 52. Kf6 Rd7 53. Kf5 Rc7 54. Kf6 Rd7 55. Kf5 Rc7 1/2-1/2

[Event "Igualada op 11th"]
[Site "Igualada"]
[Date "2016.01.16"]
[Round "1"]
[White "Pla Carulla, Joaquim"]
[Black "Molina Taberner, Jordi"]
[Result "1-0"]
[WhiteElo "1689"]
[BlackElo "1415"]
[PlyCount "57"]
[EventDate "2016.01.16"]
[EventType "swiss"]
[EventRounds "8"]
[EventCountry "ESP"]
[SourceTitle "EXT 2017"]
[Source "ChessBase"]
[SourceDate "2016.10.25"]
[SourceVersion "1"]
[SourceVersionDate "2016.10.25"]
[SourceQuality "1"]

1. d4 g6 2. e4 Bg7 3. Be3 d6 4. Bc4 Nd7 5. Nc3 a5 6. a3 Nb6 7. Ba2 Nf6 8. f3 0-0 9. Nge2 c6 10. Qd2 d5 11. e5 Ne8 12. 0-0 h5 13. Bh6 Nc4 14. Bxc4 dxc4 15. Ne4 f6 16. Bxg7 Kxg7 17. f4 Bf5 18. N2g3 Bxe4 19. Nxe4 Qb6 20. c3 Rd8 21. Rf2 Nc7 22. f5 g5 23. Raf1 Nd5 24. Nxg5 fxg5 25. Qxg5+ Kh8 26. Qxh5+ Kg7 27. Qg6+ Kh8 28. Rf3 Nf4 29. Rxf4 1-0

[Event "Barcelona Sant Marti op-B 17th"]
[Site "Barcelona"]
[Date "2015.07.21"]
[Round "9"]
[White "Pico Garcia, Antoni"]
[Black "Molina Taberner, Jordi"]
[Result "1-0"]
[WhiteElo "1821"]
[BlackElo "1729"]
[PlyCount "91"]
[EventDate "2015.07.13"]
[EventType "swiss"]
[EventRounds "9"]
[EventCountry "ESP"]
[SourceTitle "EXT 2016"]
[Source "ChessBase"]
[SourceDate "2015.10.08"]
[SourceVersion "1"]
[SourceVersionDate "2015.10.08"]
[SourceQuality "1"]

1. e4 d5 2. Nc3 d4 3. Nce2 e5 4. Ng3 Nf6 5. Nf3 Bg4 6. c3 dxc3 7. bxc3 Nbd7 8. Be2 Bc5 9. 0-0 c6 10. d4 Bd6 11. Nf5 Bxf5 12. exf5 e4 13. Nd2 Qc7 14. h3 b5 15. Re1 0-0-0 16. Nb3 Nd5 17. Bd2 Rde8 18. Bg4 N7f6 19. a4 h5 20. Be2 e3 21. fxe3 Nxe3 22. Bxe3 Rxe3 23. Bf3 Rxe1+ 24. Qxe1 Re8 25. Qf1 Qb6 26. axb5 cxb5 27. c4 bxc4 28. Qxc4+ Qc7 29. Qf1 Ne4 30. Bxe4 Rxe4 31. Rc1 Rf4 32. Rxc7+ Bxc7 33. Qa6+ Kd7 34. Nc5+ Kd8 35. Qxa7 Rxf5 36. Qa8+ Ke7 37. Qc8 Rxc5 38. dxc5 Bd8 39. Qb7+ Ke6 40. Qb3+ Ke7 41. Qd5 g6 42. Qd6+ Ke8 43. c6 Bb6+ 44. Kf1 Ba5 45. Qe5+ Kd8 46. Qxa5+ 1-0

[Event "Barcelona Sant Marti op-B 17th"]
[Site "Barcelona"]
[Date "2015.07.18"]
[Round "6"]
[White "Molina Taberner, Jordi"]
[Black "Ramos Fernandez, Pilar"]
[Result "1-0"]
[WhiteElo "1729"]
[BlackElo "1609"]
[PlyCount "63"]
[EventDate "2015.07.13"]
[EventType "swiss"]
[EventRounds "9"]
[EventCountry "ESP"]
[SourceTitle "EXT 2016"]
[Source "ChessBase"]
[SourceDate "2015.10.08"]
[SourceVersion "1"]
[SourceVersionDate "2015.10.08"]
[SourceQuality "1"]

1. d4 Nf6 2. Bg5 h6 3. Bxf6 exf6 4. e4 Nc6 5. Bc4 Qe7 6. Nc3 f5 7. e5 d6 8. Nd5 Qh4 9. Nxc7+ Kd7 10. Nxa8 Nxd4 11. Qd3 dxe5 12. Bb5+ Kd8 13. Nf3 Bb4+ 14. c3 Qe4+ 15. Qxe4 fxe4 16. 0-0-0 exf3 17. cxb4 fxg2 18. Rhg1 Bh3 19. Rd3 Ke7 20. Rxh3 Rc8+ 21. Rc3 Rxa8 22. Bd3 Nf3 23. Rxg2 Ne1 24. Rxg7 Nxd3+ 25. Rxd3 Rc8+ 26. Rc3 Rd8 27. Rc7+ Kf6 28. Rgxf7+ Kg6 29. Rxb7 a6 30. Rg7+ Kh5 31. Rb6 Kh4 32. Rxh6# 1-0

[Event "Barcelona Sant Marti op-B 17th"]
[Site "Barcelona"]
[Date "2015.07.16"]
[Round "4"]
[White "Arce, Sebastian"]
[Black "Molina Taberner, Jordi"]
[Result "1-0"]
[WhiteElo "1914"]
[BlackElo "1729"]
[PlyCount "103"]
[EventDate "2015.07.13"]
[EventType "swiss"]
[EventRounds "9"]
[EventCountry "ESP"]
[SourceTitle "EXT 2016"]
[Source "ChessBase"]
[SourceDate "2015.10.08"]
[SourceVersion "1"]
[SourceVersionDate "2015.10.08"]
[SourceQuality "1"]

1. e4 d5 2. exd5 Qxd5 3. Nc3 Qa5 4. d4 c6 5. Be2 Bf5 6. Bf3 Qc7 7. Nge2 e6 8. 0-0 Bd6 9. g3 Nf6 10. Re1 Nbd7 11. d5 Ne5 12. Bg2 Bg4 13. dxc6 bxc6 14. Nb5 cxb5 15. Bxa8 Nf3+ 16. Bxf3 Bxf3 17. Qd3 Bc6 18. Nd4 Qb7 19. Nxe6 fxe6 20. Rxe6+ Be7 21. Re5 a6 22. Qd6 Bh1 23. Rxe7+ Qxe7 24. Qxe7+ Kxe7 25. Kxh1 Rd8 26. Be3 Ng4 27. Bg5+ Nf6 28. Re1+ Kf7 29. Kg2 h6 30. Be3 Re8 31. Bd2 Rd8 32. Bb4 Nd5 33. Bc5 Rc8 34. b4 Rc7 35. f4 a5 36. a3 axb4 37. axb4 Nxb4 38. Bxb4 Rxc2+ 39. Kh3 Rb2 40. Bd6 Kg6 41. Re7 b4 42. Be5 Re2 43. Rxg7+ Kf5 44. g4+ Ke4 45. Re7 Re3+ 46. Kh4 Kd3 47. Bd6 Rxe7 48. Bxe7 b3 49. Bf6 Ke4 50. f5 Kf4 51. Kh5 Kf3 52. Bb2 1-0

[Event "Barcelona Sant Marti op-B 4th"]
[Site "Barcelona"]
[Date "2015.02.19"]
[Round "6"]
[White "Molina Taberner, Jordi"]
[Black "Falomir Ballega, Sergi"]
[Result "0-1"]
[WhiteElo "1700"]
[BlackElo "1894"]
[PlyCount "112"]
[EventDate "2015.01.15"]
[EventType "swiss"]
[EventRounds "9"]
[EventCountry "ESP"]
[SourceTitle "EXT 2016"]
[Source "ChessBase"]
[SourceDate "2015.10.08"]
[SourceVersion "1"]
[SourceVersionDate "2015.10.08"]
[SourceQuality "1"]

1. d4 d5 2. Nf3 c6 3. c4 e6 4. a3 f5 5. Bg5 Nf6 6. Ne5 Bd6 7. e3 0-0 8. c5 Bc7 9. Bd3 Qe8 10. Nd2 Bxe5 11. dxe5 Nfd7 12. f4 Nxc5 13. Be2 b6 14. b4 Ncd7 15. Bh5 g6 16. Be2 Ba6 17. h4 Bxe2 18. Qxe2 h5 19. Nb3 c5 20. bxc5 Nxc5 21. Nxc5 bxc5 22. Qb2 Rf7 23. Rb1 Nd7 24. Qc3 Rb8 25. 0-0 Qc8 26. Rb2 Nb6 27. Qd3 c4 28. Qd4 Na4 29. Rxb8 Qxb8 30. Qd1 Nb2 31. Qc2 Rb7 32. Qc3 Kf7 33. Qa5 Nd3 34. Qd8 Qxd8 35. Bxd8 c3 36. Ba5 c2 37. Bd2 Rb1 38. a4 Rxf1+ 39. Kxf1 c1Q+ 40. Bxc1 Nxc1 41. Ke1 Nd3+ 42. Kd2 Nc5 43. a5 Nb3+ 44. Kc3 Nxa5 45. Kb4 Nc6+ 46. Kc5 a5 47. Kb5 d4 48. exd4 Nxd4+ 49. Kxa5 Ne2 50. Kb4 Nxf4 51. g3 Ne2 52. Kc4 Nxg3 53. Kd4 g5 54. hxg5 h4 55. Ke3 h3 56. Kf2 h2 0-1

[Event "Foment Martinenc op-B 15th"]
[Site "Barcelona"]
[Date "2013.06.01"]
[Round "7"]
[White "Molina Taberner, Jordi"]
[Black "Acriz Ibanez, Salvador"]
[Result "1-0"]
[WhiteElo "1466"]
[BlackElo "1443"]
[PlyCount "29"]
[EventDate "2013.04.20"]
[EventType "swiss"]
[EventRounds "9"]
[EventCountry "ESP"]
[SourceTitle "CBM 154 Extra"]
[Source "ChessBase"]
[SourceDate "2013.06.25"]
[SourceVersion "2"]
[SourceVersionDate "2013.06.25"]
[SourceQuality "1"]

1. e4 c5 2. Nf3 Nc6 3. d4 cxd4 4. c3 dxc3 5. Nxc3 e5 6. Bc4 Be7 7. Qb3 Nh6 8. Bxh6 gxh6 9. Bxf7+ Kf8 10. 0-0 Kg7 11. Nd5 Rf8 12. Bh5 Bc5 13. Qc3 d6 14. b4 Bxb4 15. Nxb4 1-0